| 000 | 00548nam a2200205 u 4500 | ||
|---|---|---|---|
| 005 | 20230602063756.0 | ||
| 008 | 130807s2009 mx r 000 0 spa d | ||
| 020 | _a9786071103994 | ||
| 035 | _aUPN01000192020 | ||
| 049 | _aCG | ||
| 050 | 4 |
_aPQ7298.22 E5 _bA4c |
|
| 100 | 1 |
_aLeñero, Vicente, _d1933- |
|
| 245 | 1 | 4 |
_aLos albañiles / _cVicente Leñero. |
| 260 |
_aMéxico : _bPunto de Lectura, _c2009. |
||
| 300 | _a285 p. | ||
| 440 | 0 |
_aPunto de lectura ; _v386.2 |
|
| 650 | 4 |
_aNovela mexicana _94557 |
|
| 905 | _aLibro | ||
| 999 |
_c164123 _d164123 |
||